Statistics for Countries Without First or Last Letter Quiz #06

Click here to take the quiz!

General Stats

  • This quiz has been taken 73 times
  • The average score is 14 of 14

Answer Stats

Countries Without First or Last LettersFull Country Names% Correct
oliviBolivia
100%
ambodiCambodia
100%
iechtensteiLiechtenstein
100%
uxembourLuxembourg
100%
adagascaMadagascar
100%
icaraguNicaragua
100%
omaliSomalia
100%
gandUganda
100%
elizBelize
99%
zbekistaUzbekistan
99%
aiwaTaiwan
94%
relanIreland
93%
ritreEritrea
91%
alaPalau
77%

Score Distribution

Percentile by Number Answered

Percent of People with Each Score

Your Score History

You have not taken this quiz